| 000 | 01309nam a2200313 i 4500 | ||
|---|---|---|---|
| 003 | EG-ScBUE | ||
| 005 | 20240226110948.0 | ||
| 008 | 190616s2013 ua o f c 001 0bara d | ||
| 017 | _a2009 / 11669 | ||
| 020 | _a9789774521423 | ||
| 040 |
_aEG-ScBUE _bara _erda _cEG-ScBUE _dEG-ScBUE |
||
| 043 | _af-ua--- | ||
| 082 | 0 | 4 |
_a962.0540920222 _bا ل س _222 |
| 245 | 0 | 0 |
_aالسادات رئيسا، 1970-1981 : _bسجل وثائقي مصور / _cتقديم إسماعيل سراج الدين ؛ إعداد خالد عزب، عمرو مصطفى شلبي. |
| 264 |
_aالإسكندرية، مصر : _bمكتبة الإسكندرية، _c2013. |
||
| 300 |
_a321 صفحة : _bصور ؛ _c28 سم. |
||
| 336 |
_2rdacontent _aنص _btxt |
||
| 337 |
_aبدون وسيط _2rdamedia _bn |
||
| 338 |
_aمجلد _bnc _2rdacarrier |
||
| 490 | 0 |
_aسلسلة ذاكرة مصر المعاصرة ؛ _v7 |
|
| 500 | _aيشتمل على كشافات. | ||
| 541 |
_aMr. Farid khamis ; _cDonation ; |
||
| 600 | 1 | 7 |
_aالسادات، محمد أنور، _d1918-1981 _vأعمال مصورة. _2BUEsh |
| 650 | _2BUEsh | ||
| 651 | 7 |
_aمصر _xتاريخ _yالعصر الحديث _yأنور السادات، 1971-1981 _vأعمال مصورة. _2BUEsh |
|
| 653 |
_bGGEN _bBUSBOL _cJune2019 |
||
| 655 | _vReading book | ||
| 942 | _2ddc | ||
| 999 |
_c27538 _d27509 |
||